Word Ladder: Just Keep Swimming Quiz Stats

 Plays Quiz Updated Jul 23, 2018

Challenge
Share
Tweet
Embed
Score 0/21 Timer 03:00
4 Plays Today
Clue 4-Letter Word % Correct
Food from a pigPORK
97.6%
Halloween face coveringMASK
97.5%
Large urban grassy areaPARK
96.7%
Dweeb or geekNERD
96.5%
Cuban or Wahlberg, e.g.MARK
96.2%
Group of animalsHERD
96.2%
Job or dutyTASK
95.1%
Notorious leader of ancient RomeNERO
94.7%
A dull, uninteresting personBORE
94.6%
Had in one's graspHELD
94.5%
• Lost clownfish ••NEMO•
94.3%
Clue 4-Letter Word % Correct
A skin openingPORE
93.1%
Fuse metal pieces togetherWELD
92.9%
U.S. President James K.POLK
92.9%
ConverseTALK
92.7%
Barber shop sign shapePOLE
92%
A Pacific island, when doubledBORA
90.5%
AmbulateWALK
88.7%
Lawrence, the TV bandleaderWELK
87.8%
Spanish-teaching explorerDORA
85.4%
• Memory-losing blue tang ••DORY•
73%

Today's Daily Dose

Missing Word
'F' Pairs

Word Ladder
Mixed Synonyms

On This Day
August 15th II

You're not logged in!

Compare scores with friends on all Sporcle quizzes.
Join for Free
OR
Log In

You Might Also Like...

Show Comments

Extras

Top Quizzes Today


Score Distribution

Your Account Isn't Verified!

In order to create a playlist on Sporcle, you need to verify the email address you used during registration. Go to your Sporcle Settings to finish the process.

Report this User

Report this user for behavior that violates our Community Guidelines.

Details: